000 00889nam a2200217Ia 4500
003 GCL
008 140319s9999 xx 000 0 ara d
020 _a2685238977
040 _aGCL /
_cGCL
082 0 4 _a570.03
_bش م
100 1 _aشريف فهمى بدوى
245 1 0 _aمعجم مصطلحات البيولوجيا انجليزى - فرنسى - عربى :
_bعلم الاحياء - علم النبات - علم الوراثة - علم الاجنة - علم الاستنساخ /
_cشريف فهمى بدوى
250 _aالاولى
260 _aالقاهرة :
_bدار الكتاب المصرى ،
_c2000
300 _a530 ص ؛
_c24 سم
650 0 4 _aالاحياء، علم - مصطلحات
650 0 4 _aالنبات، علم - مصطلحات
650 0 4 _aعلم الوراثة - مصطلحات
650 0 4 _aالاستنساخ - مصطلحات
942 _2ddc
_cBK
999 _c8662
_d8662